<?xml version="1.0" encoding="UTF-8"?>
<marc:record xmlns:marc="http://www.loc.gov/MARC21/slim">
   <marc:leader>00000nam a2200000 a 4500</marc:leader>
   <marc:datafield ind1="1" ind2=" " tag="100">
      <marc:subfield code="a">Kinney, Jeff</marc:subfield>
      <marc:subfield code="4">aut</marc:subfield>
      <marc:subfield code="e">Verfasser/-in</marc:subfield>
   </marc:datafield>
   <marc:datafield ind1="0" ind2="0" tag="245">
      <marc:subfield code="a">Gregs Tagebuch 11</marc:subfield>
   </marc:datafield>
   <marc:datafield ind1="0" ind2="0" tag="245">
      <marc:subfield code="b">Alles Käse!</marc:subfield>
   </marc:datafield>
   <marc:datafield ind1=" " ind2="1" tag="264">
      <marc:subfield code="b">Baumhaus-Verl.</marc:subfield>
      <marc:subfield code="c">2016</marc:subfield>
   </marc:datafield>
   <marc:datafield ind1="1" ind2=" " tag="490">
      <marc:subfield code="a">Gregs Tagebuch</marc:subfield>
   </marc:datafield>
   <marc:datafield ind1="1" ind2=" " tag="520">
      <marc:subfield code="a">Band 11 des Welterfolgs: Greg hat sich von den Strapazen der Schweiß-und-Fleiß-Farm erholt und ist bereit für ein neues Abenteuer. Wir dürfen gespannt sein, was für Idioten ihn diesmal umzingeln und mit welchen brenzligen Situationen er im neuen Band zu kämpfen hat. Zum Glück ist eins sicher: Greg gibt niemals auf und wird uns mit seinen Geschichten auch diesmal begeistern. Angriff auf die Lachmuskeln garantiert! Greg steht mächtig unter Druck. Seine Mom möchte unbedingt, dass er sich ein Hobby sucht, um "seinen Horizont zu erweitern". Aber das Einzige, was Greg wirklich gut kann, ist Videospiele spielen. So ein Käse! Doch als Greg im Keller eine alte Videokamera findet, hat er die Idee: Zusammen mit seinem besten Freund Rupert will er einen Horrorfilm drehen und allen beweisen, was für ein großes Talent in ihm steckt. Sein Ziel: eines Tages reich und berühmt zu werden. Aber ob der Plan wirklich aufgeht? (Verlagstext)</marc:subfield>
   </marc:datafield>
   <marc:datafield ind1=" " ind2=" " tag="020">
      <marc:subfield code="a">9783833936524</marc:subfield>
      <marc:subfield code="9">9783833936524</marc:subfield>
   </marc:datafield>
</marc:record>
